[Event "AUTO-INT-1477"]
[Site "http://www.queenalice.com/game.php?id=666174"]
[Date "2009.10.12"]
[Round "1"]
[White "EmersonFM"]
[Black "filatelista"]
[Result "0-1"]
[WhiteElo "1532"]
[BlackElo "1830"]

1. e4 e5 2. Nf3 d6 3. d4 exd4 4. Qxd4 a6 5. Bc4 Nc6 6. Qd5 Be6 7. Qd3 Bxc4 8.
Qxc4 h6 9. O-O Be7 10. Nc3 Nf6 11. Nd5 O-O 12. b3 Nxd5 13. exd5 Bf6 14. Be3 Bxa1
15. dxc6 Bf6 16. cxb7 Rb8 17. Qxa6 c5 18. a4 Qc7 19. Bd2 Rxb7 20. Ba5 Qd7 21.
Nd2 Ra7 22. Qb6 Bd8 23. Qb5 Qxb5 24. axb5 Rxa5 25. Ne4 Bc7 26. Rd1 Rfa8 27. h3
Rxb5 28. Nxd6 Bxd6 29. Rxd6 Ra2 30. Rd2 Kh7 31. Kh2 Rxb3 32. f4 Rbb2 33. Rd7 f6
0-1

[Event "AUTO-INT-1477"]
[Site "http://www.queenalice.com/game.php?id=666187"]
[Date "2009.10.12"]
[Round "1"]
[White "manucies"]
[Black "EmersonFM"]
[Result "1-0"]
[WhiteElo "1511"]
[BlackElo "1527"]

1. e4 e5 2. Nf3 Nc6 3. Nc3 Nf6 4. Bb5 Nd4 5. Nxd4 exd4 6. Ne2 Qe7 7. f3 a6 8.
Bc4 b5 9. Bd5 Nxd5 10. exd5 Qh4+ 11. g3 Qf6 12. O-O Qe5 13. Nf4 d3 14. Re1 Qxe1+
15. Qxe1+ Be7 16. Nxd3 d6 17. b3 O-O 18. Qxe7 Bb7 19. Qxc7 Bxd5 20. Qxd6 Bxf3
21. Bb2 f6 22. Kf2 Rfd8 23. Qe6+ 1-0

[Event "AUTO-INT-1477"]
[Site "http://www.queenalice.com/game.php?id=666188"]
[Date "2009.10.12"]
[Round "1"]
[White "EmersonFM"]
[Black "manucies"]
[Result "0-1"]
[WhiteElo "1509"]
[BlackElo "1552"]

1. e4 e5 2. Nf3 Nc6 3. d4 Nf6 4. dxe5 Nxe4 5. Bd3 Nc5 6. Bc4 d6 7. exd6 Qxd6 8.
Qe2+ Be7 9. c3 O-O 10. O-O Bg4 11. Bf4 Bxf3 12. Qxf3 Ne5 13. Qd5 Nf3+ 14. Qxf3
Qb6 15. Nd2 Bd6 16. Bg5 Ne6 17. Be3 Qxb2 18. Bd3 Qxc3 19. Qe2 Rad8 20. Bf5 Bc5
21. Ne4 Qb4 22. a3 Nd4 23. Bxd4 Qxd4 24. Rad1 Qe5 25. Rxd8 Rxd8 26. Rd1 Rxd1+
27. Qxd1 Qxf5 28. Qd8+ Bf8 29. f3 c5 30. Nd6 Qb1+ 31. Kf2 Qc2+ 32. Kg3 Qg6+ 33.
Kf2 Qxd6 0-1

[Event "AUTO-INT-1477"]
[Site "http://www.queenalice.com/game.php?id=666195"]
[Date "2009.10.12"]
[Round "1"]
[White "Kirim"]
[Black "EmersonFM"]
[Result "1-0"]
[WhiteElo "1618"]
[BlackElo "1510"]

1. e4 Nc6 2. d4 d5 3. Nc3 dxe4 4. Nxe4 Nxd4 5. c3 Nc6 6. Bd2 Bf5 7. f3 e5 8. g4
Qh4+ 9. Nf2 Be6 10. Qe2 Bc5 11. Be3 Bxe3 12. Qxe3 Nf6 13. O-O-O Bxa2 14. Bb5 O-O
15. Bxc6 bxc6 16. Ngh3 Qh6 17. g5 Nd5 18. Qxe5 Qg6 19. Ne4 f6 20. Qe6+ Rf7 21.
Qxc6 Rd8 22. Qa4 Qf5 23. Qxa2 Qxh3 24. Rxd5 Rdf8 25. gxf6 Qxf3 26. Re1 gxf6 27.
Nd2 Qg4 28. Re4 Qg1+ 29. Kc2 Qxh2 30. Red4 h5 31. Qc4 h4 32. Rxh4 Qxh4 33. Qxh4
c6 34. Rh5 Rg7 35. Rh8+ Kf7 36. Qh5+ Ke7 37. Qc5+ Kf7 38. Qxf8+ Kg6 39. Rg8 Rxg8
40. Qxg8+ 1-0

[Event "AUTO-INT-1477"]
[Site "http://www.queenalice.com/game.php?id=666196"]
[Date "2009.10.12"]
[Round "1"]
[White "EmersonFM"]
[Black "Kirim"]
[Result "1-0"]
[WhiteElo "1577"]
[BlackElo "1648"]

1. e4 e5 2. Nf3 Nc6 3. Bb5 a6 4. Bxc6 bxc6 5. Nxe5 f6 6. Nd3 d5 7. e5 fxe5 8.
Nxe5 Qd6 9. Qe2 Be7 10. Qh5+ g6 11. Qe2 Nf6 12. d4 O-O 13. Bh6 Re8 14. Nc3 Bf8
15. Bf4 Bg4 16. f3 Bf5 17. O-O Nh5 18. Qe3 Qe6 19. g4 Nxf4 20. Qxf4 Bxc2 21.
Rae1 Bd6 22. Re3 Rab8 23. b3 Rf8 24. Qg5 c5 25. Nc6 Qc8 26. Nxd5 Qd7 27. Nxb8
Rxb8 28. Nf6+ Kg7 29. Nxd7 Rg8 30. Rfe1 cxd4 31. Re7+ Bxe7 32. Rxe7+ Kh8 33.
Qf6+ 1-0

[Event "AUTO-OPEN-1721"]
[Site "http://www.queenalice.com/game.php?id=666473"]
[Date "2009.10.12"]
[Round "1"]
[White "josecastroman"]
[Black "EmersonFM"]
[Result "1-0"]
[WhiteElo "1854"]
[BlackElo "1533"]

1. e4 e5 2. Nf3 Nc6 3. Bc4 Bc5 4. Nc3 a6 5. d3 h6 6. h3 Nf6 7. a3 b5 8. Ba2 b4
9. axb4 Bxb4 10. Bd2 Nd4 11. Nxe5 Nb5 12. Nxf7 Qe7 13. Nxh8 Bxc3 14. Bxc3 Nxc3
15. bxc3 d5 16. O-O dxe4 17. Bb3 e3 18. Qf3 e2 19. Rfe1 Rb8 20. Rxe2 Bb7 21.
Rxe7+ Kd8 22. Qe3 Nd5 23. Nf7+ Kc8 24. Qe6# 1-0

[Event "AUTO-OPEN-1721"]
[Site "http://www.queenalice.com/game.php?id=666474"]
[Date "2009.10.12"]
[Round "1"]
[White "EmersonFM"]
[Black "josecastroman"]
[Result "0-1"]
[WhiteElo "1512"]
[BlackElo "1844"]

1. e4 e5 2. Nf3 Nc6 3. Bb5 Qf6 4. d3 h6 5. Bxc6 dxc6 6. b3 Bg4 7. h3 Bh5 8. g4
Bg6 9. Bb2 Bd6 10. h4 Qf4 11. h5 Bh7 12. Rg1 Nf6 13. Nh4 Bc5 14. Rg2 Nd7 15. Bc1
Qf6 16. Nf5 O-O-O 17. g5 Qe6 18. gxh6 gxh6 19. Bxh6 Bxf5 20. exf5 Qxf5 21. Bg5
Rdg8 22. Qg4 Bxf2+ 23. Kd2 Qxg4 24. Rxg4 f6 0-1

[Event "AUTO-OPEN-1721"]
[Site "http://www.queenalice.com/game.php?id=666497"]
[Date "2009.10.12"]
[Round "1"]
[White "Jorgecas"]
[Black "EmersonFM"]
[Result "0-1"]
[WhiteElo "1337"]
[BlackElo "1547"]

1. e4 Nc6 2. Bc4 e5 3. Qf3 Nh6 4. d3 Nd4 5. Qd1 c6 6. Na3 d5 7. exd5 cxd5 8.
Bxd5 Qxd5 9. f3 Ng4 10. Nh3 Bc5 11. O-O Nxc2+ 12. Kh1 Nxa1 13. fxg4 Be6 14. Nb5
Bb6 15. Bd2 Qxb5 16. Bc3 h6 17. Qxa1 Bxg4 18. Nf2 Be2 19. Re1 O-O 20. Rxe2 Bxf2
21. Rxf2 Qxd3 22. Bxe5 Rad8 23. Qg1 Qd1 24. Rf1 Qd5 25. Bf4 Rfe8 26. Bc7 Rd7 27.
Bg3 Red8 28. Re1 Qd4 29. Qf1 Qxb2 30. Be5 Qxa2 31. g3 Rd2 32. Qg1 Qd5+ 33. Qg2
Qxg2# 0-1

[Event "AUTO-OPEN-1721"]
[Site "http://www.queenalice.com/game.php?id=666498"]
[Date "2009.10.12"]
[Round "1"]
[White "EmersonFM"]
[Black "Jorgecas"]
[Result "0-1"]
[WhiteElo "1555"]
[BlackElo "1329"]

1. e4 Nf6 2. Nc3 e5 3. Nf3 Bc5 4. Nxe5 O-O 5. d4 Bb4 6. Bd2 c5 7. dxc5 Bxc5 8.
Bc4 Qe7 9. Bg5 Qxe5 10. Bxf6 Qxf6 11. O-O Qh6 12. Qf3 Bd6 13. h3 Nc6 14. Qe3 Qh5
15. Rad1 Bb8 16. Nd5 Qe5 17. f4 Qxb2 18. e5 Qxc2 19. Bb5 Qxa2 20. Bxc6 bxc6 21.
Ne7+ Kh8 22. Nxc8 Rxc8 23. Rxd7 Rf8 24. Rfd1 Qe6 25. Rd8 Bc7 26. R8d7 Bb6 27.
Qxb6 axb6 28. R7d6 Qc4 29. Kh2 Qxf4+ 30. g3 Qxe5 31. Rxc6 Qe2+ 32. Kg1 Qxd1+ 33.
Kf2 Rac8 0-1

[Event "AUTO-OPEN-1721"]
[Site "http://www.queenalice.com/game.php?id=666513"]
[Date "2009.10.12"]
[Round "1"]
[White "EmersonFM"]
[Black "chapichapo"]
[Result "0-1"]
[WhiteElo "1518"]
[BlackElo "1843"]

1. e4 e5 2. Nf3 Nf6 3. Nc3 Nc6 4. Bc4 Bc5 5. Ng5 O-O 6. d3 d6 7. h3 a5 8. g4 Nd4
9. Nd5 Nxd5 10. Bxd5 Be6 11. Bxb7 Rb8 12. Bd5 Bxd5 13. exd5 h6 14. h4 hxg5 15.
c3 Nb5 16. hxg5 f5 17. c4 Nd4 18. gxf5 Rxf5 19. Qh5 Kf8 20. Qh8+ Ke7 21. Qxg7+
Rf7 22. Qg6 Nc2+ 23. Ke2 Qf8 24. Qe6+ Kd8 25. f3 Nd4+ 26. Kd1 Nxe6 27. dxe6 Rxf3
28. Rh7 Rf1+ 29. Kc2 Kc8 30. e7 Qf2+ 31. Bd2 Kd7 32. Rxf1 Qxf1 33. Bxa5 Qe2+ 34.
Bd2 Rxb2+ 35. Kxb2 Qxd2+ 36. Kb3 Qxg5 37. Ka4 Qd2 38. Kb5 Qb4+ 39. Ka6 Qb6# 0-1

[Event "AUTO-OPEN-1721"]
[Site "http://www.queenalice.com/game.php?id=666514"]
[Date "2009.10.12"]
[Round "1"]
[White "chapichapo"]
[Black "EmersonFM"]
[Result "1-0"]
[WhiteElo "1775"]
[BlackElo "1524"]

1. e4 e5 2. Nf3 Nc6 3. Bc4 h6 4. d3 Nf6 5. Nc3 a6 6. Be3 b5 7. Bd5 Bb7 8. Bxc6
Bxc6 9. Nxe5 Bb7 10. Qf3 h5 11. Nd5 d6 12. Nxf6+ Qxf6 13. Qxf6 gxf6 14. Nf3 Rg8
15. g3 d5 16. O-O-O dxe4 17. Nh4 a5 18. d4 b4 19. Nf5 O-O-O 20. Rd2 b3 21. cxb3
Rd5 22. Nh4 Bb4 23. Rc2 Ba6 24. Ng2 h4 25. Nxh4 c5 26. a3 Kb7 27. axb4 cxd4 28.
Bf4 Rc8 29. Ng2 d3 30. Rxc8 Kxc8 31. Ne3 d2+ 32. Kd1 Rd3 33. Kc2 Rd7 34. bxa5
Kb7 35. Nc4 Bxc4 36. bxc4 Rd4 37. Bxd2 Rxc4+ 38. Bc3 Rc6 39. g4 Ka6 40. h4 Rxc3+
41. Kxc3 Kxa5 42. h5 f5 43. gxf5 f6 44. h6 Ka4 45. h7 e3 46. h8=Q 1-0

[Event "AUTO-INT-1478"]
[Site "http://www.queenalice.com/game.php?id=666626"]
[Date "2009.10.13"]
[Round "1"]
[White "jw16js"]
[Black "EmersonFM"]
[Result "1-0"]
[WhiteElo "1487"]
[BlackElo "1530"]

1. b3 e5 2. Bb2 Nc6 3. e3 a6 4. Nf3 e4 5. Nd4 Nxd4 6. Bxd4 d5 7. Be2 c5 8. Bc3
b5 9. d4 Be6 10. Qd2 a5 11. Bxb5+ Bd7 12. Be2 g6 13. dxc5 f6 14. Qxd5 Ne7 15.
Qxe4 Bf5 16. Qa4+ Kf7 17. Bc4+ Kg7 18. b4 Nd5 19. Bd4 Nxb4 20. c3 Nd3+ 21. Bxd3
Bxd3 22. Kd2 Be4 23. f3 Bd5 24. Ke2 Bb7 25. Rd1 Qc8 26. Nd2 Bxc5 27. Bxc5 Qxc5
28. Qd7+ Kh6 29. Qh3+ Qh5 30. Qxh5+ Kxh5 31. Rab1 Ba6+ 32. Kf2 Bd3 33. Rb6 f5
34. Nb3 Bc4 35. Nc1 Rhd8 36. Rd4 Bg8 37. Nd3 Bxa2 38. Kg3 Bb1 39. Nf4+ Kh6 40.
Ne6 Rxd4 41. exd4 a4 42. Rxb1 a3 43. Ra1 a2 44. Nf4 Kg5 45. h4+ Kh6 46. d5 Ra3
47. c4 Ra4 48. c5 Rc4 49. Ne6 Kh5 50. d6 f4+ 51. Nxf4+ Kh6 52. Ne6 Rb4 53. Rxa2
1-0

[Event "AUTO-INT-1478"]
[Site "http://www.queenalice.com/game.php?id=666627"]
[Date "2009.10.13"]
[Round "1"]
[White "EmersonFM"]
[Black "jw16js"]
[Result "0-1"]
[WhiteElo "1551"]
[BlackElo "1500"]

1. e4 e5 2. Nf3 Nc6 3. Bb5 Qf6 4. d3 Bc5 5. Bg5 Qe6 6. Bc4 Qd6 7. Bh4 Qh6 8. g3
d6 9. Ng5 Nf6 10. Nxf7 Qh5 11. Qxh5 Nxh5 12. Nxh8 Bh3 13. Bf7+ Kd7 14. Bxh5 Rxh8
15. Nc3 Nd4 16. O-O-O Be6 17. a3 c6 18. b4 Bb6 19. Na4 g6 20. Nxb6+ axb6 21. Bf6
Rf8 22. Bg7 Rxf2 23. Bxg6 hxg6 24. h4 Bg4 25. Rd2 Ne2+ 26. Kb2 Be6 27. Bh6 d5
28. Be3 Rg2 29. Rh3 Bxh3 30. Bxb6 d4 31. Ba7 b5 32. Bb8 Ke6 33. Bc7 Bg4 34. Bd8
Rxg3 35. Bg5 Bf3 36. Rd1 Ng1 37. Rf1 Kd7 38. Rxf3 Nxf3 39. Bf6 Ke6 40. Bd8 Rh3
41. Kb3 Nd2+ 42. Kb2 Kd7 43. Bg5 Nf3 44. Bf6 Ke6 45. Bg5 Rg3 46. Bd8 Rg4 47. h5
gxh5 0-1

[Event "AUTO-INT-1479"]
[Site "http://www.queenalice.com/game.php?id=667064"]
[Date "2009.10.14"]
[Round "1"]
[White "EmersonFM"]
[Black "italomachado"]
[Result "1-0"]
[WhiteElo "1530"]
[BlackElo "1446"]

1. e4 e5 2. Nf3 Qe7 3. d4 exd4 4. Qxd4 c5 5. Qc4 b6 6. Nc3 Ba6 7. Nb5 Qd6 8.
Nxd6+ Bxd6 9. Qd5 Nc6 10. Qxd6 Bb7 11. Ne5 Nxe5 12. Qxe5+ Ne7 13. Bc4 f6 14. Qf4
O-O-O 15. O-O g5 16. Qxf6 Nc6 17. Bxg5 Rdf8 18. Qd6 Rhg8 19. Bxg8 Rxg8 20. Bf4
Rg6 21. Qc7# 1-0

[Event "AUTO-INT-1479"]
[Site "http://www.queenalice.com/game.php?id=667065"]
[Date "2009.10.14"]
[Round "1"]
[White "italomachado"]
[Black "EmersonFM"]
[Result "0-1"]
[WhiteElo "1408"]
[BlackElo "1540"]

1. e4 e5 2. Qf3 a6 3. Bc4 Nf6 4. Nh3 h6 5. Bb3 g5 6. Qe2 g4 7. Ng1 d5 8. exd5 c6
9. dxc6 Nxc6 10. Ba4 b5 11. Bxb5 axb5 12. Qxb5 Bd7 13. b3 Nd4 14. Qxe5+ Be6 15.
c3 Nc2+ 16. Kd1 Nxa1 17. Qb5+ Nd7 18. Ne2 Rxa2 19. Re1 Bxb3+ 20. Qxb3 Nxb3 21.
Nd4+ Be7 22. Nxb3 Qb6 23. Nd4 f6 24. Nf5 Qb3+ 25. Ke2 Qe6+ 26. Ne3 Nc5 27. c4
Ra1 28. Nc3 Nb3 29. Bb2 Rxe1+ 30. Kxe1 O-O 31. Kf1 Nxd2+ 32. Ke2 Nxc4 33. Kd3
Nxb2+ 34. Ke2 Qa6+ 35. Kd2 Rd8+ 36. Kc2 Nd3 37. Nxg4 Ne1+ 38. Kb3 Qe6+ 39. Kb2
Qxg4 40. g3 Rc8 41. Nd5 Qd4+ 42. Nc3 Qxc3+ 43. Ka2 Qb4 44. h4 Ra8# 0-1

[Event "AUTO-INT-1479"]
[Site "http://www.queenalice.com/game.php?id=667068"]
[Date "2009.10.14"]
[Round "1"]
[White "EmersonFM"]
[Black "skatista99"]
[Result "0-1"]
[WhiteElo "1547"]
[BlackElo "1457"]

1. e4 e5 2. Nf3 Nc6 3. Bb5 Nf6 4. Bxc6 bxc6 5. Qe2 d5 6. Nc3 Bg4 7. exd5 cxd5 8.
Qxe5+ Be7 9. d3 O-O 10. h3 Bxf3 11. gxf3 Re8 12. Ne2 Bb4+ 13. c3 Rxe5 14. cxb4
Qe7 15. Be3 d4 16. Nxd4 Qd6 17. O-O-O c5 18. f4 Ree8 19. Nf5 Qd5 20. Nh4 cxb4
0-1

[Event "AUTO-INT-1479"]
[Site "http://www.queenalice.com/game.php?id=667069"]
[Date "2009.10.14"]
[Round "1"]
[White "skatista99"]
[Black "EmersonFM"]
[Result "1-0"]
[WhiteElo "1437"]
[BlackElo "1596"]

1. e4 e5 2. Nf3 Nc6 3. Bc4 Nf6 4. d3 d5 5. exd5 Nxd5 6. Bg5 f6 7. Bh4 g5 8. Bg3
h5 9. h4 g4 10. Nfd2 Nd4 11. c3 Nf5 12. d4 exd4 13. cxd4 b6 14. O-O Nxd4 15. Ne4
c5 16. Bxd5 Ba6 17. Re1 Rb8 18. Nxf6# 1-0